Normal view
MARC view
- تاليف باقر، طه، م.مشارك عبد العزيز حميد
Entry Personal Name
001 - CONTROL NUMBER
- control field: 10656
003 - CONTROL NUMBER IDENTIFIER
- control field: JO-AjAnu
005 - DATE AND TIME OF LATEST TRANSACTION
- control field: 20230606072018.0
008 - FIXED-LENGTH DATA ELEMENTS
- fixed length control field: 230606|| aca||aabn | a|a d
040 ## - CATALOGING SOURCE
- Original cataloging agency: JO-AjAnu
- Transcribing agency: JO-AjAnu
100 ## - HEADING--PERSONAL NAME
- Personal name: تاليف باقر، طه، م.مشارك عبد العزيز حميد
670 ## - SOURCE DATA FOUND
- Source citation: Work cat.: (JO-AjAnu)5486: تاليف باقر، طه، م.مشارك عبد العزيز حميد, author, طرق البجث العلمي في التاريخ والآثار